Hải chiến Gạc Ma Trường Sa 1988 - Khúc tráng ca bất tử

Gồm hai phần. Ph.1: Hải chiến Gạc Ma, Trường Sa năm 1988 - Những ký ức không thể lãng quên; Ph.2: Thao thức với Trường Sa

Salvato in:
Dettagli Bibliografici
Autore principale: Nguyễn, Thái Anh
Altri autori: Quốc Dũng
Natura: Libro
Lingua:Undetermined
Pubblicazione: H. Văn học 2014
Soggetti:
Accesso online:http://lrc.tdmu.edu.vn/opac/search/detail.asp?aID=2&ID=22708
Tags: Aggiungi Tag
Nessun Tag, puoi essere il primo ad aggiungerne! !
Thư viện lưu trữ: Trung tâm Học liệu Trường Đại học Thủ Dầu Một
LEADER 00999nam a2200217Ia 4500
001 TDMU_22708
008 210410s9999 xx 000 0 und d
082 |a 320.1509597 
090 |b NG527 
100 |a Nguyễn, Thái Anh 
245 0 |a Hải chiến Gạc Ma Trường Sa 1988 - Khúc tráng ca bất tử 
245 0 |c Nguyễn Thái Anh, Quốc Dũng (Tuyển chọn, biên soạn) 
260 |a H. 
260 |b Văn học 
260 |c 2014 
300 |a 278tr. 
520 |a Gồm hai phần. Ph.1: Hải chiến Gạc Ma, Trường Sa năm 1988 - Những ký ức không thể lãng quên; Ph.2: Thao thức với Trường Sa 
650 |a Chủ quyền Biển Đảo  |z Việt Nam; Xâm phạm Biển Đảo  |z Gạc Ma (Trường Sa - Việt Nam) 
700 |a Quốc Dũng 
856 |u http://lrc.tdmu.edu.vn/opac/search/detail.asp?aID=2&ID=22708 
980 |a Trung tâm Học liệu Trường Đại học Thủ Dầu Một